<?xml version="1.0" encoding="UTF-8"?>
<marc:record xmlns:marc="http://www.loc.gov/MARC21/slim">
   <marc:leader>00000nam a2200000 a 4500</marc:leader>
   <marc:datafield ind1="1" ind2=" " tag="100">
      <marc:subfield code="a">Prasadam-Halls, Smriti</marc:subfield>
      <marc:subfield code="4">aut</marc:subfield>
      <marc:subfield code="e">Verfasser/-in</marc:subfield>
   </marc:datafield>
   <marc:datafield ind1=" " ind2=" " tag="653">
      <marc:subfield code="a">Naturpark</marc:subfield>
   </marc:datafield>
   <marc:datafield ind1=" " ind2=" " tag="653">
      <marc:subfield code="a">rot</marc:subfield>
   </marc:datafield>
   <marc:datafield ind1="0" ind2="0" tag="245">
      <marc:subfield code="a">Auf den Spuren der Wölfe</marc:subfield>
   </marc:datafield>
   <marc:datafield ind1="0" ind2="0" tag="245">
      <marc:subfield code="c">Prasadam-Halls, Smriti</marc:subfield>
   </marc:datafield>
   <marc:datafield ind1=" " ind2="1" tag="264">
      <marc:subfield code="a">Hamburg</marc:subfield>
      <marc:subfield code="b">Aladin</marc:subfield>
      <marc:subfield code="c">2018</marc:subfield>
   </marc:datafield>
   <marc:datafield ind1="1" ind2=" " tag="520">
      <marc:subfield code="a">Quelle: bn.bibliotheksnachrichten (http://www.biblio.at/literatur/bn/index.html); &#xD;
Autor: Angela Zemanek-Hackl; &#xD;
Wölfe als interessante, heimische Raubtiere sind derzeit wieder präsent. Hier werden sie informativ, sachlich und aufschlussreich porträtiert. (ab 5) (JN)&#xD;
Der große stilisierte Wolfskopf auf dem Hardcover zeigt das Rudeltier in seiner natürlichen Umgebung. Viele Zuschreibungen gibt es für den Wolf, manchen fällt nur "böse" ein. Eigentlich er ist ein Gruppentier, sozial, ein Räuber zwar, doch nur zum Überleben jagt er, so wie jedes andere fleischfressende Tier auch.&#xD;
Andere schreiben ihm die Attribute majestätisch, stolz oder auch wild zu: Der Wolf ist für den Menschen seit jeher eine Quelle der Faszination und der Angst. Mit dem detailreichen Wissen aus diesem Buch, das Vorurteile enthüllt und interessante Fakten präsentiert, wird man zum echten Wolf-Versteher, vielleicht sogar zum Verteidiger der Gattung gegen die aufgeregten Stimmen in manchen Gegenden. Ein Sach-Bilderbuch, das zum Vorlesen wie zum Selberlesen wunderbar geeignet ist und auch dem/ der Vorleser_in Freude macht.</marc:subfield>
   </marc:datafield>
   <marc:datafield ind1=" " ind2=" " tag="020">
      <marc:subfield code="a">9783848901395</marc:subfield>
      <marc:subfield code="9">9783848901395</marc:subfield>
   </marc:datafield>
   <marc:datafield ind1=" " ind2=" " tag="020">
      <marc:subfield code="a">3848901390</marc:subfield>
      <marc:subfield code="9">3848901390</marc:subfield>
   </marc:datafield>
   <marc:datafield ind1=" " ind2=" " tag="041">
      <marc:subfield code="a">ger</marc:subfield>
   </marc:datafield>
   <marc:datafield ind1=" " ind2=" " tag="300">
      <marc:subfield code="b">zahlr. Ill.</marc:subfield>
   </marc:datafield>
   <marc:datafield ind1=" " ind2=" " tag="338">
      <marc:subfield code="a">Band</marc:subfield>
   </marc:datafield>
   <marc:datafield ind1=" " ind2=" " tag="300">
      <marc:subfield code="a">48 S.</marc:subfield>
   </marc:datafield>
</marc:record>
